000 01980cam a22004814i 4500
003 PE-LiUPU
005 20250731173408.0
008 150706s2008 flua rb 000 0 spa d
020 _a9781592722334
035 _a(Sirsi) i9781592722334
040 _aPE-LiUPU
_bspa
_cPE-LiUPU
_erda
049 _aPRUA
082 0 4 _a248.1
_bM19
_221
100 1 _aMaldonado, Apóstol G.,
_eautor.
245 1 0 _aDiscipulado apostólico integral :
_bun método de expansión que prepara una generación de reino /
_cApóstol G. Maldonado.
264 1 _aMiami :
_bERJ Publicaciones,
_c2008.
300 _a285 páginas :
_bilustraciones ;
_c28 centímetros
336 _atext
_2rdacontent
337 _aunmediated
_2rdamedia
338 _avolume
_2rdacarrier
504 _aIncluye bibliografía.
505 0 _aObjetivos para el mentor -- Objetivos para el discípulo -- Orientación -- Reglas básicas de un discipulado -- La visión -- La vida devocional -- La familia -- Liberación y sanidad interior -- El servicio a Dios -- El discípulo y el evangelismo -- El carácter de un discípulo -- El liderazgo de un discípulo.
526 _aSEG42
526 _aSEG41
526 _aSEG40
526 _aSEG39
526 _aP94
526 _aP87
526 _aP86
526 _aP85
526 _aP77
526 _aP76
526 _aP35
541 _g001-0000538;
650 0 4 _aVida cristiana.
650 0 4 _aEvangelización.
910 _agl
_bjv
_clch
_d20111006
942 _2ddc
_cBOOK
949 _a248.1 M19 1
_wDEWEY
_c1
_i63694
_lCCODEBUL1
_mBUL
_p22.00
_r0
_sY
_tBOOK
_u2015-7-6
_xTEOLOGIA
_PP35
_o.STAFF. Colección General
994 _aC0
_bPEPRU
596 _a1
999 _a248.1 M19 1
_wDEWEY
_c52596
_i63694
_d52596
_e2019-1-29
_f2021-11-10
_g5
_lCCODEBUL1
_mBUL
_n7
_p22.00
_q8
_r0
_sY
_tBOOK
_u2015-7-6
_xTEOLOGIA
_PP35
_0COMPRA
_o.STAFF. Colección Teología
980 _81
_gALBERTO SANCHEZ Responsable de Automatización